Indian statutory commission volume I Survey (Record no. 1442642)

MARC details
000 -LEADER
fixed length control field 00541nam a2200193Ia 4500
005 - DATE AND TIME OF LATEST TRANSACTION
control field 20250923144730.0
008 - FIXED-LENGTH DATA ELEMENTS--GENERAL INFORMATION
fixed length control field 008 250917s9999 xx 000 0 eng d
037 ## - SOURCE OF ACQUISITION
Stock number Textual
040 ## - CATALOGING SOURCE
Original cataloging agency DSWL
Language of cataloging eng
Transcribing agency DSWL
041 ## - LANGUAGE CODE
Language code of text/sound track or separate title eng
Source of code eng
084 ## - COLON CLASSIFICATION NUMBER
Classification number V2:1'N2t4, N30;1
Assigning agency DSWL
245 #0 - TITLE STATEMENT
Title Indian statutory commission volume I Survey
260 ## - PUBLICATION, DISTRIBUTION, ETC.
Place of publication, distribution, etc. Calcutta
Name of publisher, distributor, etc. Central Publication Branch
Date of publication, distribution, etc. 1930
300 ## - PHYSICAL DESCRIPTION
Extent xxvi,410p.
365 ## - TRADE PRICE
Price type code INR
Price amount 13
925 ## -
-- 13
942 ## - ADDED ENTRY ELEMENTS (KOHA)
Koha item type Textual
Classification part V2:1'N2t4, N30;1
Holdings
Withdrawn status Lost status Damaged status Not for loan Home library Current library Date acquired Total Checkouts Full call number Barcode Date last seen Price effective from Koha item type
        Department of Social Work Library Department of Social Work Library 2025-09-23   V2:1'N2t4, N30;1 SW0007148 2025-09-23 2025-09-23 Textual
Copyright @ Delhi University Library System